Theory and problems of basic electrical engineering / (Record no. 134192)
[ view plain ]
| 000 -LEADER | |
|---|---|
| fixed length control field | 00826nam a22002657a 4500 |
| 005 - DATE AND TIME OF LATEST TRANSACTION | |
| control field | 20170124110222.0 |
| 010 ## - LIBRARY OF CONGRESS CONTROL NUMBER | |
| LC control number | A-950569 |
| 020 ## - INTERNATIONAL STANDARD BOOK NUMBER | |
| Terms of availability | 275.00 |
| International Standard Book Number | 9788120312630 |
| 035 ## - SYSTEM CONTROL NUMBER | |
| System control number | A-950569 |
| 037 ## - SOURCE OF ACQUISITION | |
| Source of stock number/acquisition | Cen Lib/Ret |
| 040 ## - CATALOGING SOURCE | |
| Original cataloging agency | DPL |
| Language of cataloging | EN |
| 082 ## - DEWEY DECIMAL CLASSIFICATION NUMBER | |
| Classification number | 621.3 |
| Item number | KOT |
| 100 ## - MAIN ENTRY--PERSONAL NAME | |
| Personal name | Kothari, D.P. |
| 9 (RLIN) | 40037 |
| 245 ## - TITLE STATEMENT | |
| Title | Theory and problems of basic electrical engineering / |
| Statement of responsibility, etc | by D.P. Kothari [and] I.J. Nagrath |
| 260 ## - PUBLICATION, DISTRIBUTION, ETC. (IMPRINT) | |
| Place of publication, distribution, etc | New Delhi |
| Name of publisher, distributor, etc | Prentice Hall |
| Date of publication, distribution, etc | 1998 |
| 270 ## - ADDRESS | |
| Address | M-97,Connaught Circus |
| City | New Delhi |
| Postal code | 110001 |
| 300 ## - PHYSICAL DESCRIPTION | |
| Extent | viii,510p. |
| Dimensions | 23cm(pbk) |
| 500 ## - GENERAL NOTE | |
| General note | Includes bibliographical reference and index |
| 650 ## - SUBJECT ADDED ENTRY--TOPICAL TERM | |
| Topical term or geographic name as entry element | Electrical engineering |
| 9 (RLIN) | 40038 |
| 650 ## - SUBJECT ADDED ENTRY--TOPICAL TERM | |
| Topical term or geographic name as entry element | Electric machinery |
| 9 (RLIN) | 40039 |
| 700 ## - ADDED ENTRY--PERSONAL NAME | |
| 9 (RLIN) | 39937 |
| Personal name | Nagrath, I.J. |
| 700 ## - ADDED ENTRY--PERSONAL NAME | |
| 9 (RLIN) | 2251 |
| 700 ## - ADDED ENTRY--PERSONAL NAME | |
| 9 (RLIN) | 40010 |
| 942 ## - ADDED ENTRY ELEMENTS (KOHA) | |
| Source of classification or shelving scheme | Dewey Decimal Classification |
| Koha item type | English Books |
| Classification part | 621.3 |
| Call number suffix | KOT |
| Withdrawn status | Lost status | Damaged status | Not for loan | Collection code | Home library | Current library | Date acquired | Source of acquisition | Cost, normal purchase price | Total Checkouts | Full call number | Barcode | Date last seen | Copy number | Cost, replacement price | Price effective from | Koha item type |
|---|---|---|---|---|---|---|---|---|---|---|---|---|---|---|---|---|---|
| Not For Loan | Reference | Central Library | Central Library | 29/07/2015 | Cen Lib/Ret | 275.00 | 621.3 KOT | A-950569 | 29/07/2015 | 1 | 275.00 | 29/07/2015 | English Books |
